Suggestions for administering the school lunch program in Louisiana. (Record no. 21882)

MARC details
000 -LEADER
fixed length control field 01059cam a22002891 4500
001 - CONTROL NUMBER
control field e 42000262
003 - CONTROL NUMBER IDENTIFIER
control field DLC
005 - DATE AND TIME OF LATEST TRANSACTION
control field 20260227111231.0
008 - FIXED-LENGTH DATA ELEMENTS--GENERAL INFORMATION
fixed length control field 790824s1941 lauk 000 0 eng c
010 ## - LIBRARY OF CONGRESS CONTROL NUMBER
LC control number e 42000262
035 ## - SYSTEM CONTROL NUMBER
System control number (OCoLC)5306965
040 ## - CATALOGING SOURCE
Original cataloging agency U.S. Off. of educ. Library
Transcribing agency LU
Modifying agency DLC
042 ## - AUTHENTICATION CODE
Authentication code premarc
043 ## - GEOGRAPHIC AREA CODE
Geographic area code n-us-la
050 00 - LIBRARY OF CONGRESS CALL NUMBER
Classification number LB154
Item number .B32 no. 457
082 ## - DEWEY DECIMAL CLASSIFICATION NUMBER
Classification number 371.716
100 1# - MAIN ENTRY--PERSONAL NAME
Personal name [Simmons, Uarda]
245 10 - TITLE STATEMENT
Title Suggestions for administering the school lunch program in Louisiana.
Statement of responsibility, etc. Prepared under the direction of the Home-economics division of the Department of instruction and supervision. Issued by John E. Coxe, state superintendent of public education.
260 ## - PUBLICATION, DISTRIBUTION, ETC.
Place of publication, distribution, etc. Baton Rouge
Date of publication, distribution, etc. [1941]
300 ## - PHYSICAL DESCRIPTION
Extent 60 p. incl. forms.
Dimensions 23 cm.
490 0# - SERIES STATEMENT
Series statement Louisiana. Dept. of education. Bulletin
Volume/sequential designation no. 457
500 ## - GENERAL NOTE
General note "Prepared by Miss Uarda Simmons."--p. [3]
504 ## - BIBLIOGRAPHY, ETC. NOTE
Bibliography, etc. note Bibliography: p. 47.
650 #0 - SUBJECT ADDED ENTRY--TOPICAL TERM
Topical term or geographic name entry element School children
General subdivision Food.
650 #0 - SUBJECT ADDED ENTRY--TOPICAL TERM
Topical term or geographic name entry element Children
General subdivision Nutrition.
740 0# - ADDED ENTRY--UNCONTROLLED RELATED/ANALYTICAL TITLE
Uncontrolled related/analytical title School lunch program in Louisiana.

No items available.

Powered by Koha